|
|
|
|
| LEADER |
02939nam a22004695i 4500 |
| 001 |
978-3-642-10967-6 |
| 003 |
DE-He213 |
| 005 |
20151204143934.0 |
| 007 |
cr nn 008mamaa |
| 008 |
110627s2011 gw | s |||| 0|ita d |
| 020 |
|
|
|a 9783642109676
|9 978-3-642-10967-6
|
| 024 |
7 |
|
|a 10.1007/978-3-642-10967-6
|2 doi
|
| 040 |
|
|
|d GrThAP
|
| 050 |
|
4 |
|a QA319-329.9
|
| 072 |
|
7 |
|a PBKF
|2 bicssc
|
| 072 |
|
7 |
|a MAT037000
|2 bisacsh
|
| 082 |
0 |
4 |
|a 515.7
|2 23
|
| 245 |
1 |
0 |
|a Teoria delle distribuzioni
|h [electronic resource] /
|c edited by E. Magenes, G. Stampacchia.
|
| 264 |
|
1 |
|a Berlin, Heidelberg :
|b Springer Berlin Heidelberg,
|c 2011.
|
| 300 |
|
|
|a 259 pagg. 2 figg.
|b online resource.
|
| 336 |
|
|
|a text
|b txt
|2 rdacontent
|
| 337 |
|
|
|a computer
|b c
|2 rdamedia
|
| 338 |
|
|
|a online resource
|b cr
|2 rdacarrier
|
| 347 |
|
|
|a text file
|b PDF
|2 rda
|
| 490 |
1 |
|
|a C.I.M.E. Summer Schools ;
|v 24
|
| 505 |
0 |
|
|a Lectures: B. Malgrange: Operatori differenziali -- J. Mikusinski: Une introduction élémentaire à la théorie des distributions de plusieurs variables -- L. Schwartz: I. Trasformata di Fourier delle distribuzioni; II. Spazi di Hilbert e nuclei associati -- Seminars: J.B. Diaz: Solutions of the singular Cauchy problem for a singular system of partial differential equations in the mathematical theory of dynamical elasticity -- J. Gobert: Un cas critique du problème de Dirichlet-Neumann -- J.L. Lions: Espaces d´interpolation. Espaces de moyenne -- J. Sebastiao e Silva: Sur l´axiomatique des distributions et ses possibles modèles -- S. Zaidman: Distribuzioni quasi-periodiche e applicazioni.
|
| 520 |
|
|
|a Lectures: B. Malgrange: Operatori differenziali.- J. Mikusinski: Une introduction élémentaire à la théorie des distributions de plusieurs variables.- L. Schwartz: I. Trasformata di Fourier delle distribuzioni; II. Spazi di Hilbert e nuclei associati.- Seminars: J.B. Diaz: Solutions of the singular Cauchy problem for a singular system of partial differential equations in the mathematical theory of dynamical elasticity.- J. Gobert: Un cas critique du problème de Dirichlet-Neumann.- J.L. Lions: Espaces d´interpolation. Espaces de moyenne.- J. Sebastiao e Silva: Sur l´axiomatique des distributions et ses possibles modèles.- S. Zaidman: Distribuzioni quasi-periodiche e applicazioni.
|
| 650 |
|
0 |
|a Mathematics.
|
| 650 |
|
0 |
|a Functional analysis.
|
| 650 |
|
0 |
|a Partial differential equations.
|
| 650 |
1 |
4 |
|a Mathematics.
|
| 650 |
2 |
4 |
|a Functional Analysis.
|
| 650 |
2 |
4 |
|a Partial Differential Equations.
|
| 700 |
1 |
|
|a Magenes, E.
|e editor.
|
| 700 |
1 |
|
|a Stampacchia, G.
|e editor.
|
| 710 |
2 |
|
|a SpringerLink (Online service)
|
| 773 |
0 |
|
|t Springer eBooks
|
| 776 |
0 |
8 |
|i Printed edition:
|z 9783642109669
|
| 830 |
|
0 |
|a C.I.M.E. Summer Schools ;
|v 24
|
| 856 |
4 |
0 |
|u http://dx.doi.org/10.1007/978-3-642-10967-6
|z Full Text via HEAL-Link
|
| 912 |
|
|
|a ZDB-2-SMA
|
| 950 |
|
|
|a Mathematics and Statistics (Springer-11649)
|